Statistiques concernant Pays les plus homophobes d'Europe

Cliquez ici pour prendre le quiz!

Statistiques générales

  • Ce quiz a été pris 19 fois
  • Le résultat moyen est 6 sur 10

Statistiques - réponses

RangRéponse% Correct
1Russie
100%
8Ukraine
95%
3Pologne
84%
2Bielorussie
79%
7Bulgarie
74%
6Roumanie
74%
10Moldavie
63%
4Monaco
26%
5Saint-Marin
26%
9Liechtenstein
21%

Distribution des résultats

Percentile par nombre de réponses

% des personnes avec chaque résultat

Votre développement - résultats

Vous n’avez pas pris ce quiz